000 00924nam0a22002411 4500
001 v19\rc\2077352
005 20250620032135.0
035 _a(NLR Aleph) 005148475
090 _a4876045
_c4876045
100 _a20081218d1911 |||y0rusy50 ca
101 0 _arus
102 _aRU
105 _aac b |||||
200 1 _aИллюстрированный каталог книжного магазина "Образование'. Москва...
_f[Кн. маг. "Образование". Москва...]
210 _aСанкт-Петербург
_d1911
215 _a52 с.
_cил., портр.
_d24
532 1 3 _aИллюстрированный каталог книжного магазина Образование. Москва...
710 0 2 _a"Образование", кн. маг.
_cМосква
801 0 _aRU
_bNLR
_gpsbo
801 1 _aRU
_bProSoft-M
_2rusmarc
852 _aNLR
_j671/О-23
942 _cBOOK
980 _aNB